[Event "Baku Open 2023"]
[Site "Baku AZE"]
[Date "2023.05.09"]
[Round "6.12"]
[White "Iskandarov, Misratdin"]
[Black "Aradhya, Garg"]
[Result "1/2-1/2"]
[WhiteTitle "GM"]
[BlackTitle "FM"]
[WhiteElo "2592"]
[BlackElo "2305"]
[WhiteFideId "13400312"]
[BlackFideId "25006746"]
[EventDate "2023.05.04"]

1. c4 c6 2. Nf3 d5 3. g3 g6 4. Bg2 Bg7 5. O-O Nf6 6. d4 O-O 7. Qb3 a5 8. cxd5 a4
9. Qd1 cxd5 10. Nc3 Qa5 11. Bd2 Nc6 12. Ne5 Qa6 13. Bf4 e6 14. Rc1 Nxe5 15. Bxe5
Bd7 16. Qd2 Bc6 17. a3 Rfc8 18. Na2 Bb5 19. Nb4 Qb6 20. Rfe1 Ne4 21. Bxe4 Bxe5
22. dxe5 dxe4 23. e3 Kg7 24. Kg2 Bd3 25. Kg1 Bb5 26. h3 h5 27. Rc3 h4 28. Qd4
Qxd4 29. exd4 Rxc3 30. bxc3 hxg3 31. fxg3 Rc8 32. Rc1 e3 33. Kg2 Bc6+ 34. Nxc6
Rxc6 35. Kf3 Rb6 36. Kxe3 Rb3 37. Kd3 b5 38. Kc2 Rxa3 39. Rb1 Ra2+ 40. Kd3 Rg2 1/2-1/2

[Event "Baku Open 2023"]
[Site "Baku AZE"]
[Date "2023.05.09"]
[Round "6.13"]
[White "Korobov, Anton"]
[Black "Nigmatov, Ortik"]
[Result "1-0"]
[WhiteTitle "GM"]
[BlackTitle "IM"]
[WhiteElo "2664"]
[BlackElo "2473"]
[WhiteFideId "14105730"]
[BlackFideId "14202131"]
[EventDate "2023.05.04"]

1. d4 Nf6 2. Nf3 e6 3. c4 d5 4. Nc3 Bb4 5. Qa4+ Nc6 6. Bd2 dxc4 7. e3 O-O 8.
Bxc4 Bd6 9. Qc2 e5 10. d5 Ne7 11. Ng5 Bf5 12. Nge4 Nxe4 13. Nxe4 Kh8 14. f3 a6
15. g4 Bxe4 16. Qxe4 f5 17. gxf5 Nxf5 18. Bd3 Qh4+ 19. Ke2 Qh6 20. Rag1 Bc5 21.
h4 Rae8 22. Rh3 Nd6 23. Qg4 Qf6 24. Rhg3 Re7 25. Bc3 Qf7 26. b3 b5 27. Bb2 Ne8
28. Qe4 Nf6 29. Qf5 Qxd5 30. h5 Qd7 31. Rg5 Qe8 32. Bxe5 Bxe3 33. Rxg7 Rxg7 34.
Rxg7 1-0

[Event "Baku Open 2023"]
[Site "Baku AZE"]
[Date "2023.05.09"]
[Round "6.14"]
[White "Kilic, Eray"]
[Black "Harsha, Bharathakoti"]
[Result "1/2-1/2"]
[WhiteTitle "FM"]
[BlackTitle "GM"]
[WhiteElo "2418"]
[BlackElo "2608"]
[WhiteFideId "44517173"]
[BlackFideId "5078776"]
[EventDate "2023.05.04"]

1. e4 c5 2. Nf3 Nc6 3. Bb5 Nf6 4. Bxc6 dxc6 5. Nc3 Bg4 6. h3 Bh5 7. d3 Nd7 8.
Qe2 e5 9. Nd1 Bd6 10. Ne3 Nf8 11. Nf5 Ne6 12. c3 Bxf3 13. Qxf3 Bc7 14. Bd2 h5
15. O-O-O g6 16. Ng3 Qe7 17. Be3 O-O-O 18. Ne2 Rd7 19. Rd2 Rf8 20. g4 h4 21.
Rhd1 Rfd8 22. Kb1 Bb6 23. Nc1 Rd6 24. Nb3 R6d7 25. Qg2 c4 26. dxc4 Bxe3 27. fxe3
Ng5 28. Kc2 Qf6 29. Rxd7 Rxd7 30. Rxd7 Kxd7 31. Nd2 Ke7 32. Kd3 c5 33. b3 Qd6+
34. Kc2 Qf6 35. Kd3 Kf8 36. a4 a5 37. Ke2 Kg7 38. Kd3 Qd8+ 39. Kc2 Qf6 40. Kd3
Kg8 41. Kc2 Kg7 42. Kd3 Kg8 43. Kc2 1/2-1/2

[Event "Baku Open 2023"]
[Site "Baku AZE"]
[Date "2023.05.09"]
[Round "6.15"]
[White "Sanal, Vahap"]
[Black "Lortkipanidze, Nodar"]
[Result "1-0"]
[WhiteTitle "GM"]
[BlackTitle "IM"]
[WhiteElo "2582"]
[BlackElo "2406"]
[WhiteFideId "6300545"]
[BlackFideId "13604058"]
[EventDate "2023.05.04"]

1. e4 e5 2. Nf3 Nc6 3. Bb5 a6 4. Ba4 Nf6 5. d3 b5 6. Bb3 Bc5 7. Bg5 h6 8. Bh4 g5
9. Bg3 d6 10. c3 Bb6 11. a4 Bd7 12. Nbd2 O-O 13. Nf1 Ne7 14. a5 Ba7 15. Ne3 Ng6
16. h4 g4 17. h5 Nf4 18. Nh2 Qc8 19. d4 Re8 20. Bh4 exd4 21. cxd4 N4xh5 22. O-O
Rxe4 23. Qc2 Be6 24. Nd5 Nxd5 25. Qxe4 Ndf6 26. Bxe6 Nxe4 27. Bxc8 Rxc8 28. Nxg4
Bxd4 29. Rfe1 d5 30. Rad1 Bxb2 31. Rxd5 Nef6 32. Nxf6+ Nxf6 33. Rf5 Kg7 34. Rb1
Bd4 35. Bxf6+ Bxf6 36. Rc5 Bd8 37. Rc6 Ra8 38. Rd1 h5 39. Kf1 Kf8 40. f4 h4 41.
f5 Ke8 42. f6 b4 43. Rc4 c5 44. Rd6 Kf8 45. Rxh4 Kg8 46. Rh6 Rc8 47. Rd5 Bxf6
48. Rxf6 c4 49. Rb6 b3 50. Ke2 c3 51. Kd1 c2+ 52. Kc1 Rc3 53. Rd8+ Kg7 54. Rdb8 1-0

[Event "Baku Open 2023"]
[Site "Baku AZE"]
[Date "2023.05.09"]
[Round "6.16"]
[White "Asadli, Vugar"]
[Black "Petriashvili, Nikoloz"]
[Result "0-1"]
[WhiteTitle "GM"]
[BlackTitle "IM"]
[WhiteElo "2584"]
[BlackElo "2432"]
[WhiteFideId "13405764"]
[BlackFideId "13611216"]
[EventDate "2023.05.04"]

1. e4 e5 2. Nf3 Nc6 3. Bb5 a6 4. Ba4 Nf6 5. O-O Nxe4 6. Re1 Nc5 7. Bxc6 dxc6 8.
Nxe5 Be7 9. d4 Ne6 10. Be3 O-O 11. c4 Bf6 12. f4 Re8 13. Nc3 Nf8 14. Bf2 Bxe5
15. fxe5 Ng6 16. Qf3 Qg5 17. Bg3 Be6 18. Ne4 Qf5 19. Qc3 b6 20. Re3 Qh5 21. Rf1
Rad8 22. Be1 Rd7 23. Ng3 Qg5 24. Re4 a5 25. Ne2 Qe7 26. b3 b5 27. h4 h5 28. Ng3
bxc4 29. Nxh5 c5 30. d5 Rxd5 31. Bd2 Rd4 32. Bg5 Qd7 33. Ree1 Rd3 34. Qc1 Qd4+
35. Kh2 Qg4 36. Nf4 Nxh4 37. Bxh4 Qxh4+ 38. Kg1 Rd4 39. Qe3 Bf5 40. Qf3 Qg4 41.
Qc6 Bd7 42. Qxc7 Rc8 43. Qa7 Bc6 44. Re2 Rxf4 0-1

[Event "Baku Open 2023"]
[Site "Baku AZE"]
[Date "2023.05.09"]
[Round "6.17"]
[White "Salimova, Nurgyul"]
[Black "Romanov, Evgeny"]
[Result "1/2-1/2"]
[WhiteTitle "IM"]
[BlackTitle "GM"]
[WhiteElo "2391"]
[BlackElo "2578"]
[WhiteFideId "2915138"]
[BlackFideId "4148843"]
[EventDate "2023.05.04"]

1. d4 e6 2. Nf3 c5 3. c3 Nf6 4. Bg5 h6 5. Bxf6 Qxf6 6. e3 Qd8 7. Nbd2 Nc6 8. Bd3
d5 9. Qe2 Be7 10. h4 Qb6 11. Rb1 Qc7 12. dxc5 Bxc5 13. e4 dxe4 14. Nxe4 Be7 15.
Ng3 Bd7 16. h5 O-O-O 17. O-O Kb8 18. b4 Bf6 19. Rfe1 Ne7 20. c4 Nf5 21. Ne4 Bc6
22. c5 Bxe4 23. Bxe4 Nd4 24. Nxd4 Rxd4 25. c6 b6 26. Red1 Rhd8 27. Bf3 e5 28.
Rxd4 Rxd4 29. Rd1 Rxd1+ 30. Qxd1 Be7 31. Qb1 Qd6 32. Qf5 Qe6 33. Qh7 Bf8 34. Qd3
Qd6 35. Qc4 Qe7 36. Be4 Kc7 37. Qa6 Kd8 38. Bf5 Qc7 39. Qc4 Bd6 40. Bd7 Ke7 41.
Qe4 a5 42. a3 axb4 43. axb4 b5 44. Qd5 Bxb4 45. Qxb5 Qa5 46. Qc4 Qa1+ 47. Kh2
Qd4 48. Qc2 Bc5 49. Bh3 Kd6 50. Qf5 Qf4+ 51. Qxf4 exf4 52. Bd7 Bxf2 53. Be8 f5
54. Bd7 Bb6 55. Bxf5 Kxc6 56. Kh3 Kd6 1/2-1/2

[Event "Baku Open 2023"]
[Site "Baku AZE"]
[Date "2023.05.09"]
[Round "6.18"]
[White "Guliyev, Namig"]
[Black "Moksh, Amit Doshi"]
[Result "1-0"]
[WhiteTitle "GM"]
[BlackTitle "IM"]
[WhiteElo "2538"]
[BlackElo "2397"]
[WhiteFideId "13400363"]
[BlackFideId "25064967"]
[EventDate "2023.05.04"]

1. e4 c5 2. Nf3 d6 3. Bb5+ Nd7 4. d4 cxd4 5. Qxd4 a6 6. Bxd7+ Bxd7 7. Nc3 e5 8.
Qd3 Rc8 9. O-O h6 10. Rd1 Nf6 11. a4 Be7 12. Nd2 Qc7 13. Nf1 Bg4 14. Re1 O-O 15.
a5 Be6 16. Qg3 Kh8 17. Ne3 Qc6 18. Qf3 Nh7 19. Ncd5 Bg5 20. Nb6 Rcd8 21. c4 Bxe3
22. Bxe3 f5 23. Qh3 Qxe4 24. Bxh6 Qc6 25. Bd2 Kg8 26. Rad1 Nf6 27. Bb4 Ne4 28.
Qa3 Nc5 29. Nd5 Bxd5 30. Rxd5 Ne6 31. Bxd6 Rfe8 32. Bxe5 Rxd5 33. cxd5 Qxd5 34.
Qg3 Qxa5 35. Bc3 Qd5 36. Bxg7 Kf7 37. Bc3 Rg8 38. Qh3 Ng5 39. Qh5+ Rg6 40. Kh1
Ne6 41. f3 Qd3 42. h4 Qc2 43. g4 fxg4 44. fxg4 Nf8 45. Qd5+ Re6 46. Rf1+ Ke8 47.
Rxf8+ 1-0

[Event "Baku Open 2023"]
[Site "Baku AZE"]
[Date "2023.05.09"]
[Round "6.19"]
[White "Divya, Deshmukh"]
[Black "Bharath, Subramaniyam H"]
[Result "1-0"]
[WhiteTitle "WGM"]
[BlackTitle "GM"]
[WhiteElo "2372"]
[BlackElo "2517"]
[WhiteFideId "35006916"]
[BlackFideId "46634827"]
[EventDate "2023.05.04"]

1. e4 c6 2. Nf3 d5 3. d3 Bg4 4. Nbd2 Nd7 5. g3 Ngf6 6. Bg2 e5 7. O-O Bd6 8. h3
Bh5 9. Qe2 O-O 10. Rd1 Qc7 11. g4 Bg6 12. Nh4 Nc5 13. Nf5 Ne6 14. Nf3 Rfe8 15.
N3h4 Bc5 16. c3 Rad8 17. b4 Bf8 18. Bf3 Nf4 19. Bxf4 exf4 20. Qc2 c5 21. bxc5
dxe4 22. dxe4 Bxc5 23. Ng2 Nd7 24. Qd2 Bxf5 25. gxf5 Bb6 26. Rac1 Ne5 27. Qxf4
Rxd1+ 28. Bxd1 Bxf2+ 29. Qxf2 Nd3 30. Qe3 Nxc1 31. Qxc1 Rxe4 32. Bb3 Qc5+ 33.
Kh2 Qxf5 34. Qd2 Re8 35. Bd5 b5 36. Bc6 Rc8 37. Qd4 Qg5 38. h4 Qe7 39. Bxb5 Qc7+
40. Kg1 h6 41. a4 Rd8 42. Qe3 Qa5 43. Nf4 a6 44. Bc4 Qf5 45. Kh2 Qf6 46. h5 Rc8
47. Bd5 Qh4+ 48. Kg2 Qg4+ 49. Kh2 Qd7 50. Qf3 Qf5 51. Qe3 Rb8 52. Kg3 Kh8 53. c4
Rd8 54. Qe7 Rb8 55. c5 Qb1 56. c6 Qg1+ 57. Ng2 Qb6 58. Qxf7 Qc5 59. Nf4 Qe3+ 60.
Kg4 Qg1+ 61. Bg2 Qd1+ 62. Kh3 Qd4 63. Ng6+ Kh7 64. Qf5 Rb3+ 65. Kh2 Qd6+ 66.
Nf4+ g6 67. Qf7+ Kh8 68. hxg6 1-0

[Event "Baku Open 2023"]
[Site "Baku AZE"]
[Date "2023.05.09"]
[Round "6.20"]
[White "Ilamparthi, A R"]
[Black "Samant, Aditya S"]
[Result "0-1"]
[WhiteTitle "IM"]
[BlackTitle "IM"]
[WhiteElo "2408"]
[BlackElo "2496"]
[WhiteFideId "45015775"]
[BlackFideId "35080580"]
[EventDate "2023.05.04"]

1. e4 c5 2. Nf3 Nc6 3. Bc4 e6 4. O-O Nf6 5. Re1 Nxe4 6. Rxe4 d5 7. Bxd5 Qxd5 8.
Nc3 Qd8 9. d4 Be7 10. Bf4 g5 11. Be3 g4 12. Rxg4 e5 13. Re4 cxd4 14. Nxd4 exd4
15. Bxd4 Rg8 16. Qh5 Be6 17. Rxe6 Qxd4 18. Re4 Qg7 19. Qh3 f5 20. Nd5 fxe4 21.
Nc7+ Kf7 22. Qb3+ Kg6 23. Nxa8 Nd4 24. Qxb7 Qe5 25. Rd1 Bd6 26. g3 e3 27. c3
exf2+ 28. Kg2 Qe2 29. Rf1 Nf5 0-1

[Event "Baku Open 2023"]
[Site "Baku AZE"]
[Date "2023.05.09"]
[Round "6.21"]
[White "Balajayeva, Khanim"]
[Black "Samunenkov, Ihor"]
[Result "0-1"]
[WhiteTitle "WGM"]
[BlackTitle "IM"]
[WhiteElo "2327"]
[BlackElo "2501"]
[WhiteFideId "13406396"]
[BlackFideId "14187086"]
[EventDate "2023.05.04"]

1. c4 e6 2. Nc3 d5 3. d4 a6 4. cxd5 exd5 5. Qb3 c5 6. Nxd5 Nc6 7. Nf3 Be6 8. e4
Nge7 9. Bg5 h6 10. Bxe7 Bxe7 11. Rc1 cxd4 12. Be2 Bb4+ 13. Kf1 O-O 14. Rd1 Bc5
15. Rc1 b6 16. Qa4 Bxd5 17. exd5 Qxd5 18. Ne1 d3 19. Bxd3 Rfe8 20. Rd1 Rxe1+ 21.
Kxe1 Qxg2 22. Kd2 Rd8 23. Rhe1 Bb4+ 24. Kc1 Bxe1 25. Qe4 Qxe4 26. Bxe4 Bb4 27.
a3 Be7 28. Bxc6 Rc8 0-1

[Event "Baku Open 2023"]
[Site "Baku AZE"]
[Date "2023.05.09"]
[Round "6.22"]
[White "Gadimbayli, Abdulla"]
[Black "Kushko, Dmitriy"]
[Result "1/2-1/2"]
[WhiteTitle "GM"]
[WhiteElo "2500"]
[BlackElo "2379"]
[WhiteFideId "13404938"]
[BlackFideId "14162261"]
[EventDate "2023.05.04"]

1. e4 Nf6 2. e5 Nd5 3. d4 d6 4. c4 Nb6 5. exd6 cxd6 6. Nc3 g6 7. h3 Bg7 8. Nf3
O-O 9. Be2 Nc6 10. O-O Bf5 11. d5 Na5 12. Nd4 Naxc4 13. a4 a5 14. Nxf5 gxf5 15.
Re1 Qd7 16. Bf1 Rac8 17. Qh5 Kh8 18. Bg5 e6 19. Rac1 Rc5 20. b3 Ne5 21. dxe6
fxe6 22. Be3 Rxc3 23. Rxc3 Nd5 24. Rcc1 f4 25. Bd4 f3 26. g3 Nc6 27. Bxg7+ Qxg7
28. Kh1 Nd4 29. Rcd1 b6 30. Qh4 e5 31. Rxd4 exd4 32. Bc4 Ne3 33. Bf1 Nxf1 34.
Rxf1 Qe5 35. Rd1 Rc8 36. Qxd4 Qxd4 37. Rxd4 Rc3 38. Rxd6 Rxb3 39. g4 Rb2 40. Kg1
Kg7 41. Rc6 h6 42. Rd6 h5 43. gxh5 Kh7 44. Rf6 Kg7 45. Rxf3 Rb4 46. Kf1 Kh6 47.
Rf5 Rxa4 48. Rb5 Ra3 49. Kg2 a4 50. Rxb6+ Kxh5 51. Rb5+ Kg6 52. Ra5 Ra1 53. h4
a3 54. Kh2 Kh6 55. Kg3 a2 56. Ra6+ Kg7 57. Kf4 Rh1 58. Rxa2 Rxh4+ 59. Kg5 Rb4
60. Ra7+ Kf8 61. Ra6 Kf7 62. Ra7+ Kf8 63. f4 Rb6 64. f5 Rc6 65. Ra2 Rb6 66. Ra5
Rc6 67. Kf4 Rb6 68. Ke5 Rc6 69. Ra8+ Kf7 70. Ra7+ Kf8 71. Rh7 Ra6 72. Rd7 Rb6
73. Rd6 Rxd6 74. Kxd6 Kf7 75. f6 Kxf6 1/2-1/2

[Event "Baku Open 2023"]
[Site "Baku AZE"]
[Date "2023.05.09"]
[Round "6.23"]
[White "Mustafayev, Farid"]
[Black "Sadikhov, Ulvi"]
[Result "0-1"]
[WhiteTitle "FM"]
[BlackTitle "GM"]
[WhiteElo "2316"]
[BlackElo "2489"]
[WhiteFideId "13408771"]
[BlackFideId "13401416"]
[EventDate "2023.05.04"]

1. c4 e5 2. g3 d6 3. Bg2 f5 4. Nc3 Nf6 5. d4 Be7 6. e3 O-O 7. Nge2 c6 8. O-O e4
9. f3 d5 10. Qb3 Kh8 11. fxe4 dxe4 12. Bh3 g6 13. Qc2 Na6 14. a3 Be6 15. b3 b5
16. Bb2 bxc4 17. bxc4 Bxc4 18. Nxe4 Bxe2 19. Qxe2 Nxe4 20. Qxa6 Qd5 21. Bg2 Bg5
22. Qe2 Rab8 23. Rae1 Rfe8 24. Bc1 h5 25. Bf3 Kg7 26. Qg2 Qc4 27. h4 Bd8 28. Re2
Rb3 29. Rc2 Rc3 30. Rxc3 Qxc3 31. Qb2 Qxb2 32. Bxb2 Nd2 33. Bxc6 Rxe3 34. Rd1
Nc4 35. Ba1 Bf6 36. d5 Bxa1 37. Rxa1 Rxg3+ 38. Kf2 f4 39. Rd1 Nd6 40. Rd4 Rxa3
41. Rxf4 a5 42. Kg2 Rc3 43. Ra4 Rc5 44. Kf3 Kf6 45. Ke3 Rc4 46. Rxa5 Rxh4 47.
Ra1 g5 48. Kf3 Rf4+ 49. Kg2 g4 50. Re1 Ne4 51. Rf1 Kg5 52. Bb5 h4 53. Rxf4 Kxf4
54. Bd3 h3+ 55. Kg1 g3 0-1

[Event "Baku Open 2023"]
[Site "Baku AZE"]
[Date "2023.05.09"]
[Round "6.24"]
[White "Sivuk, Vitaly"]
[Black "Begmuratov, Khumoyun"]
[Result "1/2-1/2"]
[WhiteTitle "GM"]
[BlackTitle "FM"]
[WhiteElo "2533"]
[BlackElo "2400"]
[WhiteFideId "14116502"]
[BlackFideId "14210207"]
[EventDate "2023.05.04"]

1. d4 Nf6 2. c4 e6 3. Nc3 Bb4 4. e3 O-O 5. Bd2 d5 6. Nf3 a6 7. a3 Be7 8. c5 Ne4
9. Bd3 f5 10. O-O Nd7 11. b4 c6 12. Ne2 Bf6 13. Bc1 a5 14. Bb2 b6 15. Qc2 Ba6
16. Nf4 Bxd3 17. Nxd3 axb4 18. axb4 bxc5 19. bxc5 Qc7 20. h4 Rab8 21. Ra2 Qb7
22. Rfa1 Qb3 23. Qe2 Qc4 24. Kf1 Rb3 25. Nc1 Rb5 26. Nd3 Rfb8 27. Ra8 Ndxc5 28.
dxc5 Bxb2 29. Nxb2 Qxe2+ 30. Kxe2 Rxb2+ 31. Ke1 Nxc5 32. Ne5 Rb1+ 33. Ke2 Kf8
34. f4 Rxa8 35. Rxa8+ Ke7 36. Nxc6+ Kd6 37. Ne5 Rb2+ 38. Kf1 Rb1+ 39. Ke2 Rb2+
40. Kf1 Rb7 41. Rd8+ Nd7 42. Nxd7 Rxd7 43. Rh8 h6 44. Re8 Re7 45. Rd8+ Rd7 46.
Re8 Rf7 47. Ke2 Kd7 48. Ra8 Ke7 49. Kf3 Kf6 50. Ra6 Rb7 51. g3 Rb3 52. Kf2 Rb4
53. Kf3 d4 54. exd4 Rxd4 55. Ke3 Re4+ 56. Kf3 Rb4 57. Ke3 Rb3+ 58. Kf2 Rd3 59.
Kg2 Ke7 60. Ra7+ Rd7 61. Ra6 Rc7 62. Kf3 Rc2 63. Ra7+ Kf6 64. Ra6 Rc4 65. Ke3
Re4+ 66. Kf3 Rd4 67. Ke3 Rd5 68. Kf3 Ke7 69. Ra7+ Rd7 70. Ra6 Rd6 71. Ra7+ Kf6
72. Ke3 Rd8 73. Ra6 Re8 74. Kf3 g5 75. hxg5+ hxg5 76. g4 gxf4 77. Kxf4 fxg4 78.
Kxg4 Ke5 79. Kf3 Rc8 80. Ra4 Rc3+ 81. Ke2 Kd5 82. Kd2 Rc5 83. Kd3 e5 84. Kd2 e4
85. Ra8 Kd4 86. Rd8+ Rd5 87. Rxd5+ Kxd5 88. Ke3 Ke5 89. Ke2 Kd4 90. Kd2 e3+ 91.
Ke2 Ke4 92. Ke1 Kf4 93. Ke2 Ke4 94. Ke1 Kd3 95. Kd1 e2+ 96. Ke1 Ke3 1/2-1/2

[Event "Baku Open 2023"]
[Site "Baku AZE"]
[Date "2023.05.09"]
[Round "6.25"]
[White "Samadov, Read"]
[Black "Ansat, Aldiyar"]
[Result "1/2-1/2"]
[WhiteTitle "IM"]
[BlackTitle "IM"]
[WhiteElo "2469"]
[BlackElo "2317"]
[WhiteFideId "13417444"]
[BlackFideId "13715658"]
[EventDate "2023.05.04"]

1. d4 Nf6 2. c4 g6 3. Nc3 d5 4. cxd5 Nxd5 5. e4 Nxc3 6. bxc3 Bg7 7. Bc4 c5 8.
Ne2 O-O 9. Be3 Nc6 10. O-O b6 11. h4 e6 12. h5 Qh4 13. Qc1 cxd4 14. cxd4 Bb7 15.
h6 Bh8 16. f3 Qe7 17. Rb1 Rac8 18. Qb2 Nxd4 19. Bxd4 e5 20. Bxf7+ Rxf7 21. Be3
Bf6 22. Rbc1 Qe6 23. Rfd1 Rd7 24. Qa3 Rxc1 25. Rxc1 a6 26. Ng3 b5 27. Nf1 Be7
28. Qb2 g5 29. Nh2 Qxh6 30. Ng4 Qe6 31. Qxe5 Qxe5 32. Nxe5 Rd6 33. Bc5 Re6 34.
Bxe7 Rxe7 35. Rc5 Kg7 36. Kf2 Kf6 37. Ng4+ Kg6 38. Ke3 h6 39. a3 h5 40. Nf2 Kh6
41. Nh3 Rg7 42. g3 Rg6 43. Kf2 Rc6 44. Re5 g4 45. fxg4 hxg4 46. Nf4 Rc2+ 47. Ke1
Bc8 48. Rd5 Rc3 49. Rd3 Rxd3 50. Nxd3 Kg5 51. Kd2 a5 1/2-1/2

[Event "Baku Open 2023"]
[Site "Baku AZE"]
[Date "2023.05.09"]
[Round "6.26"]
[White "Chanda, Sandipan"]
[Black "Ismayil, Malak"]
[Result "1-0"]
[WhiteTitle "GM"]
[BlackTitle "WFM"]
[WhiteElo "2460"]
[BlackElo "2115"]
[WhiteFideId "5004225"]
[BlackFideId "13412604"]
[EventDate "2023.05.04"]

1. d4 Nf6 2. c4 e6 3. Nc3 d5 4. cxd5 exd5 5. Bg5 Bb4 6. e3 h6 7. Bxf6 Qxf6 8.
Qb3 Qd6 9. a3 Bxc3+ 10. Qxc3 Bf5 11. Ne2 Nd7 12. Qb4 Qxb4+ 13. axb4 Bd3 14. Nc3
Bxf1 15. Rxf1 Nb6 16. b5 Kd7 17. Kd2 a6 18. bxa6 Rxa6 19. Rxa6 bxa6 20. b4 c6
21. Ra1 Ra8 22. Kd3 Kc7 23. f3 f5 24. g4 fxg4 25. fxg4 Nc8 26. e4 dxe4+ 27. Nxe4
Nd6 28. Nxd6 Kxd6 29. Kc4 Ra7 30. h4 Ra8 31. g5 hxg5 32. hxg5 Ra7 33. g6 Ra8 34.
Ra5 Ra7 35. d5 cxd5+ 36. Kd4 Rb7 37. Rxa6+ Ke7 38. Kc5 d4 39. b5 d3 40. Ra2 Rc7+
41. Kd4 Rd7+ 42. Kc3 Rd5 43. b6 Rb5 44. Ra6 Kf6 45. Kxd3 Kxg6 46. Kc4 Rb1 47.
b7+ Kf7 48. Ra7 Ke6 49. Kc5 Rc1+ 50. Kb6 Rb1+ 51. Kc7 Rc1+ 52. Kb8 g5 53. Ka8
Rb1 54. Ra5 Kf6 55. b8=Q Rxb8+ 56. Kxb8 g4 57. Kc7 g3 58. Kd6 g2 59. Ra1 Kf5 60.
Rg1 1-0

[Event "Baku Open 2023"]
[Site "Baku AZE"]
[Date "2023.05.09"]
[Round "6.27"]
[White "Suyarov, Mukhammadzokhid"]
[Black "Urazayev, Arystanbek"]
[Result "1/2-1/2"]
[WhiteTitle "FM"]
[BlackTitle "IM"]
[WhiteElo "2281"]
[BlackElo "2460"]
[WhiteFideId "14210495"]
[BlackFideId "13709810"]
[EventDate "2023.05.04"]

1. d4 d5 2. Nc3 Nf6 3. Bf4 e6 4. Nb5 Na6 5. e3 Be7 6. Nf3 O-O 7. h3 c6 8. Nc3 c5
9. Be2 Ne4 10. O-O Nxc3 11. bxc3 c4 12. e4 Qa5 13. Bd2 Bd7 14. Ne5 Be8 15. Rb1
b5 16. exd5 exd5 17. Re1 Rd8 18. Bf3 Ba3 19. h4 Nc7 20. h5 f6 21. Ng4 Qa6 22. g3
Bd7 23. Bg2 Qc8 24. Ne3 Be6 25. Bf3 Qd7 26. Ng2 Rfe8 27. Bf4 Na8 28. Bc1 Bxc1
29. Qxc1 Nb6 30. Qf4 Kf7 31. Nh4 a6 32. Bg2 Qd6 33. Qf3 Qd7 34. Qf4 Qd6 35. Qf3
Qd7 1/2-1/2

[Event "Baku Open 2023"]
[Site "Baku AZE"]
[Date "2023.05.09"]
[Round "6.28"]
[White "Jubin, Jimmy"]
[Black "Allahverdiyeva, Ayan"]
[Result "1-0"]
[WhiteTitle "IM"]
[BlackTitle "WFM"]
[WhiteElo "2455"]
[BlackElo "2055"]
[WhiteFideId "46686614"]
[BlackFideId "13412590"]
[EventDate "2023.05.04"]

1. d4 Nf6 2. c4 e6 3. g3 c5 4. d5 exd5 5. cxd5 d6 6. Bg2 g6 7. Nc3 Bg7 8. Nf3
O-O 9. O-O Re8 10. Nd2 a6 11. a4 Nbd7 12. h3 Rb8 13. a5 b5 14. axb6 Nxb6 15. Ra2
Qc7 16. Kh1 Re5 17. e4 c4 18. f4 Re8 19. g4 Nfd7 20. e5 dxe5 21. Nde4 exf4 22.
Bxf4 Re5 23. Ng5 Qc5 24. Nxf7 Re8 25. Bxb8 Nxb8 26. Ne4 Qe7 27. Nfd6 Rd8 28.
Nxc8 Nxc8 29. Qc1 Nb6 30. d6 Qe5 31. Qe1 N8d7 32. Rxa6 Re8 33. Rf2 Qxd6 34. Re2
Qe7 35. Nf6+ Bxf6 36. Rxe7 Rxe7 37. Qf2 c3 38. bxc3 Bxc3 39. Bc6 Re1+ 40. Kg2
Rd1 41. Bxd7 Nxd7 42. Ra8+ Kg7 43. Ra7 Kg8 44. Qa2+ Kf8 45. Qa3+ 1-0

[Event "Baku Open 2023"]
[Site "Baku AZE"]
[Date "2023.05.09"]
[Round "6.29"]
[White "Aliyev, Ravan"]
[Black "Manish Anto, Cristiano F"]
[Result "1-0"]
[WhiteTitle "FM"]
[BlackTitle "IM"]
[WhiteElo "2280"]
[BlackElo "2485"]
[WhiteFideId "13409980"]
[BlackFideId "25095927"]
[EventDate "2023.05.04"]

1. d4 d5 2. c4 c6 3. Nf3 Nf6 4. e3 e6 5. b3 Ne4 6. Bb2 Bb4+ 7. Nbd2 Qf6 8. Qe2
dxc4 9. bxc4 O-O 10. O-O-O Bxd2+ 11. Rxd2 Nxd2 12. Qxd2 Qe7 13. Bd3 Nd7 14. Qc2
f5 15. h3 h6 16. h4 b6 17. e4 fxe4 18. Bxe4 Bb7 19. Qe2 Nf6 20. Bc2 Qd6 21. Ne5
c5 22. Rd1 cxd4 23. Rxd4 Qc7 24. g4 Rad8 25. g5 Rxd4 26. Bxd4 Qd8 27. Qe3 hxg5
28. hxg5 Nh5 29. Ng6 Rf7 30. Qxe6 Bc8 31. Qe5 Bd7 32. Qd5 Qe8 33. Ne5 Be6 34.
Qd6 Rf5 35. Bxf5 Bxf5 36. Qd5+ Be6 37. Qf3 g6 38. Qe4 Bf5 39. Qd5+ Be6 40. Qe4
Bf5 41. Qf3 Ng7 42. Qc6 Qe7 43. Qf6 Qa3+ 44. Bb2 Qh3 45. Kd2 Qg2 46. Ng4 Qb7 47.
Qd8+ Kf7 48. Nh6+ Ke6 49. Qf6+ 1-0

[Event "Baku Open 2023"]
[Site "Baku AZE"]
[Date "2023.05.09"]
[Round "6.30"]
[White "Babazada, Khazar"]
[Black "Chkhaidze, Nikoloz"]
[Result "1-0"]
[WhiteTitle "IM"]
[BlackTitle "FM"]
[WhiteElo "2474"]
[BlackElo "2253"]
[WhiteFideId "13413554"]
[BlackFideId "13601750"]
[EventDate "2023.05.04"]

1. e4 c5 2. Nf3 e6 3. d4 cxd4 4. Nxd4 Nc6 5. Nc3 Qc7 6. f4 a6 7. Nxc6 Qxc6 8.
Bd3 b5 9. Qe2 Bb7 10. Bd2 Bc5 11. O-O-O Ne7 12. a3 O-O 13. h4 f5 14. g4 d5 15.
exf5 exf5 16. gxf5 Nxf5 17. Qg4 Bc8 18. Qg2 Kh8 19. Kb1 Rb8 20. Nxd5 b4 21. axb4
Bxb4 22. Bxb4 Rxb4 23. Be4 Rb8 24. Rhg1 Rf7 25. b3 Be6 26. Rd3 a5 27. Ne7 Qc7
28. Nc6 Rc8 29. Ne5 Re7 30. Bc6 Nd6 31. h5 Bf5 32. Rd4 Nb5 33. Rd2 Na3+ 34. Kb2
Nxc2 35. Qg5 Ne3 36. h6 Rf8 37. Bd7 Rg8 38. Qxe7 1-0

[Event "Baku Open 2023"]
[Site "Baku AZE"]
[Date "2023.05.09"]
[Round "6.31"]
[White "Madaminov, Mukhiddin"]
[Black "Ince, Taylan Ruzgar"]
[Result "1-0"]
[WhiteTitle "IM"]
[BlackTitle "CM"]
[WhiteElo "2436"]
[BlackElo "2264"]
[WhiteFideId "14210703"]
[BlackFideId "44513089"]
[EventDate "2023.05.04"]

1. d4 Nf6 2. c4 g6 3. Nc3 d5 4. cxd5 Nxd5 5. e4 Nxc3 6. bxc3 Bg7 7. Nf3 c5 8. h3
O-O 9. Be2 b6 10. Be3 cxd4 11. cxd4 Bb7 12. Qd3 Ba6 13. Qd2 Bxe2 14. Qxe2 Nc6
15. O-O Rc8 16. Rfd1 Qd7 17. d5 Bxa1 18. dxc6 Qxc6 19. Rxa1 Qxe4 20. Qa6 Rc7 21.
Rd1 Rfc8 22. Rd4 Qb1+ 23. Kh2 f6 24. a4 Qc2 25. Qb5 Qc6 26. Qb3+ Kg7 27. Bf4 Rb7
28. Ne5 Qe8 29. Qd5 Rbc7 30. Ng4 Rc5 31. Qb7 Rd8 32. Rd6 Rf5 33. Re6 Kf7 34. Qe4
Rh5 35. Nxf6 exf6 36. Rxe8 Rxe8 37. Qc4+ Re6 38. Bd6 Re5 39. Bxe5 fxe5 40. Kg3 1-0